LEADER 01347nam0-2200385-i-450- 001 990009185860403321 005 20100517104724.0 010 $a978-0-8218-4770-1$bpaperback 035 $a000918586 035 $aFED01000918586 035 $a(Aleph)000918586FED01 035 $a000918586 100 $a20100517d2010----km-y0itay50------ba 101 0 $aeng 102 $aUS 105 $aa---a---101yy 200 1 $aHarmonic analysis and partial differential equations$e8th international conference on harmonic analysis and partial differential equations, June 16-20, 2008, El Escorial, Madrid, Spain$fPatricio Cifuentes ... [et al.], editors 210 $aProvidence$cAmerican Mathematical Society$d2010 215 $aVI, 249 p.$d26 cm 225 1 $aContemporary mathematics$v505 610 0 $aEquazioni differenziali alle derivate parziali$aAtti di conferenze 610 0 $aAnalisi di Fourier$aAtti di conferenze 610 0 $aAtti di conferenze di interesse specifico vario 676 $a515$v21$zita 702 1$aCifuentes,$bPatricio 801 0$aIT$bUNINA$gREICAT$2UNIMARC 901 $aBK 912 $a990009185860403321 952 $aC-1-(505$b24317$fMA1 959 $aMA1 962 $a35-06 962 $a42-06 962 $a00B25 996 $aHarmonic analysis and partial differential equations$980197 997 $aUNINA LEADER 01105nam0-2200313---450- 001 990008689180403321 005 20090112122018.0 010 $a88-8303-131-8 035 $a000868918 035 $aFED01000868918 035 $a(Aleph)000868918FED01 035 $a000868918 100 $a20080716d2003----km-y0itay50------ba 101 0 $aita 102 $aIT 105 $ay-------001yy 200 1 $a<>principio di legalità e il seguito amministrativo delle sentenze di accoglimento della Corte Costituzionale$fPaolo Giangaspero 210 $aTrieste$cEdizioni Università di Trieste$d©2003 215 $a240 p.$d24 cm 225 1 $aQuaderni del Dipartimento di scienze giuridiche$fUniversità degli studi di Trieste$v9 676 $a342.02$v21$zita 700 1$aGiangaspero,$bPaolo$0240611 801 0$aIT$bUNINA$gRICA$2UNIMARC 901 $aBK 912 $a990008689180403321 952 $aUniversità 570 (9)$b48198*$fFGBC 959 $aFGBC 996 $aPrincipio di legalità e il seguito amministrativo delle sentenze di accoglimento della Corte Costituzionale$9718844 997 $aUNINA LEADER 01347nam a22002531i 4500 001 991001061499707536 005 20030226152505.0 008 021115s1954 it |||||||||||||||||ita 035 $ab12094390-39ule_inst 035 $aARCHE-018419$9ExL 040 $aDip.to Filologia Ling. e Lett.$bita$cA.t.i. Arché s.c.r.l. Pandora Sicilia s.r.l. 082 04$a940.1 111 2 $aConvegno di studi delle fonti del Medioevo europeo$d<1953 ;$cRoma>$0211495 245 13$aLa pubblicazione delle fonti del Medioevo europeo negli ultimi 70 anni :$b1883-1953 : relazioni al Convegno di studi delle fonti del Medioevo europeo in occasione del 70. della fondazione dell'Istituto storico italiano : Roma, 14-18 aprile 1953 /$cIstituto storico italiano per il Medio Evo 260 $aRoma :$bnella sede dell'Istituto,$c1954 300 $a365 p. ;$c26 cm 650 4$aMedioevo$xFonti 710 2 $aIstituto storico italiano per il Medio Evo$eauthor$4http://id.loc.gov/vocabulary/relators/aut$0195219 907 $a.b12094390$b02-04-14$c01-04-03 912 $a991001061499707536 945 $aLE008 L.Glott. V 107$g1$iLE008IG-1093$lle008$o-$pE0.00$q-$rl$s- $t0$u0$v0$w0$x0$y.i12395742$z01-04-03 996 $aPubblicazione delle fonti del Medioevo europeo negli ultimi 70 anni$91457788 997 $aUNISALENTO 998 $ale008$b01-04-03$cm$da $e-$fita$git $h3$i1 LEADER 01560oam 2200421M 450 001 9910716138003321 005 20200213070929.6 035 $a(CKB)5470000002518736 035 $a(OCoLC)1065612546 035 $a(OCoLC)995470000002518736 035 $a(EXLCZ)995470000002518736 100 $a20071213d1926 ua 0 101 0 $aeng 135 $aurcn||||||||| 181 $ctxt$2rdacontent 182 $cc$2rdamedia 183 $acr$2rdacarrier 200 10$aAmendment of section 103 of Judicial Code. April 15, 1926. -- Referred to the House Calendar and ordered to be printed 210 1$a[Washington, D.C.] :$c[U.S. Government Printing Office],$d1926. 215 $a1 online resource (1 pages) 225 1 $aHouse report / 69th Congress, 1st session. House ;$vno. 899 225 1 $a[United States congressional serial set] ;$v[serial no. 8533] 300 $aBatch processed record: Metadata reviewed, not verified. Some fields updated by batch processes. 300 $aFDLP item number not assigned. 606 $aDistrict courts 606 $aTerms of court 608 $aLegislative materials.$2lcgft 615 0$aDistrict courts. 615 0$aTerms of court. 701 $aGraham$b George Scott$f1850-1931.$pRepublican (PA)$01386798 801 0$bWYU 801 1$bWYU 801 2$bOCLCO 801 2$bOCLCQ 906 $aBOOK 912 $a9910716138003321 996 $aAmendment of section 103 of Judicial Code. April 15, 1926. -- Referred to the House Calendar and ordered to be printed$93521241 997 $aUNINA